000 00665nam a2200217Ii 4500
003 JO-AjNU
008 230605s9999||||xx |||||||||||||| ||und||
017 _a2006/9/2669
040 _aJO-AjNU
_bara
_erda
_cJO-AjNU
041 _aara
050 1 4 _aLB41.A2364 2007
100 3 _a العبادي ، نذير ,
_eauthor
_922172
245 0 0 _a أسس التربية
250 _aط1
264 3 1 _aعمان:دار يافا العلمية،2006
300 _a321ص
336 _atext
_btxt
_2rdacontent
337 _aunmediated
_bn
_2rdamedia
338 _avolume
_bnc
_2rdacarrier
650 4 _aالتربيه-التعليم-علم النفس التربوي
_922173
999 _aA7827
_c11395
_d11395